Statistics for All Bordering Countries Quiz

Click here to take the quiz!

General Stats

  • This quiz has been taken 720 times
    (669 since last reset)
  • The average score is 51 of 56

Answer Stats

CountryAnswers% Correct
GermanyPoland
98%
UkrainePoland
98%
UkraineRussia
98%
Saudi ArabiaOman
97%
Saudi ArabiaYemen
97%
BoliviaBrazil
96%
UkraineBelarus
95%
TurkeyIraq
95%
Saudi ArabiaIraq
95%
LaosVietnam
95%
BoliviaArgentina
94%
GermanyFrance
94%
UkraineRomania
94%
GermanyAustria
93%
LaosCambodia
93%
BoliviaChile
93%
LaosChina
93%
BoliviaParaguay
93%
BoliviaPeru
93%
Saudi ArabiaQatar
93%
GermanySwitzerland
93%
TurkeySyria
93%
LaosThailand
93%
Saudi ArabiaUnited Arab Emirates
93%
GermanyBelgium
92%
GermanyCzech Republic
92%
GermanyDenmark
92%
TurkeyGreece
92%
Saudi ArabiaJordan
92%
UkraineMoldova
92%
TurkeyBulgaria
91%
LaosBurma
91%
TurkeyGeorgia
91%
TurkeyIran
91%
Saudi ArabiaKuwait
91%
GermanyNetherlands
91%
TurkeyArmenia
90%
Burkina FasoNiger
90%
GermanyLuxembourg
89%
UkraineHungary
88%
D.R. CongoRepublic of the Congo
88%
UkraineSlovakia
88%
D.R. CongoCentral African Republic
87%
Burkina FasoMali
87%
TurkeyAzerbaijan
86%
Burkina FasoGhana
86%
D.R. CongoRwanda
86%
D.R. CongoAngola
84%
Burkina FasoBenin
84%
Burkina FasoTogo
84%
D.R. CongoUganda
83%
D.R. CongoZambia
83%
D.R. CongoBurundi
81%
Burkina FasoCôte d’Ivoire
79%
D.R. CongoTanzania
77%
D.R. CongoSouth Sudan
75%

Score Distribution

Percentile by Number Answered

Percent of People with Each Score

Your Score History

You have not taken this quiz since the last reset